Recalled to life : (Запис № 542377)

МАРК-запис
000 -LEADER
fixed length control field 01146nam a2200265Mi 4500
001 - CONTROL NUMBER
control field recalledtolifeda00hill
003 - CONTROL NUMBER IDENTIFIER
control field CaSfIA
005 - DATE AND TIME OF LATEST TRANSACTION
control field 20210118214337.0
007 - PHYSICAL DESCRIPTION FIXED FIELD--GENERAL INFORMATION
fixed length control field cr||||
008 - FIXED-LENGTH DATA ELEMENTS--GENERAL INFORMATION
fixed length control field 981203s1992uuuunyu 000 0 und d
040 ## - CATALOGING SOURCE
Original cataloging agency GEBAY
Language of cataloging ger
Transcribing agency GEBAY
Modifying agency CaSfIA
020 ## - INTERNATIONAL STANDARD BOOK NUMBER
International Standard Book Number 0385301316
020 ## - INTERNATIONAL STANDARD BOOK NUMBER
International Standard Book Number 9780385301312
035 ## - SYSTEM CONTROL NUMBER
System control number (OCoLC)645315767
029 0# - (OCLC)
OCLC library identifier GEBAY
System control number 1832727
100 1# - MAIN ENTRY--PERSONAL NAME
Personal name Hill, Reginald
245 00 - TITLE STATEMENT
Title Recalled to life :
Medium [electronic resource]
Remainder of title a Dalziel/Pascoe mystery
Statement of responsibility, etc Reginald Hill.
260 ## - PUBLICATION, DISTRIBUTION, ETC. (IMPRINT)
Place of publication, distribution, etc New York
Name of publisher, distributor, etc Delacoste Press
Date of publication, distribution, etc 1992.
300 ## - PHYSICAL DESCRIPTION
Extent 359 S.
506 ## - RESTRICTIONS ON ACCESS NOTE
Standardized terminology for access restriction Необхідна авторизація на https://archive.org/ (створення облікового запису безкоштовно)
506 ## - RESTRICTIONS ON ACCESS NOTE
Standardized terminology for access restriction Необхідна авторизація на https://openlibrary.org/ (створення облікового запису безкоштовно)
856 41 - ELECTRONIC LOCATION AND ACCESS
Uniform Resource Identifier <a href="http://www.archive.org/details/recalledtolifeda00hill">http://www.archive.org/details/recalledtolifeda00hill</a>
Public note Free eBook from the Internet Archive
856 42 - ELECTRONIC LOCATION AND ACCESS
Uniform Resource Identifier <a href="http://www.openlibrary.org/books/OL1700977M">http://www.openlibrary.org/books/OL1700977M</a>
Public note Additional information and access via Open Library
942 ## - ADDED ENTRY ELEMENTS (KOHA)
Koha item type ЕКнига

Немає доступних примірників.